00717nam a2200205 a 4500008004100000040001200041041000800053044000700061082002600068100003200094245006400126260004700190300004100237490004300278502008800321650002300409655004000432700003200472852000700504200616s2019 ii adb|| m|||a00| 0 eng d aKObeng0 aeng aii04223a378.242b IRB17211 aRayan, Simran JeResearcher10aAnalysis of Citi Solutions Freight Forwarding Pvt.Limited / aKochi :bIndian Maritime University,c2019 a40p. :bill., charts, maps ;c29 cm.0 aBBA Internship 2017-2020 ;v1705916022 aInternship (BBA)–Indian Maritime University. School of Maritime Management, 2019. 0aFreight forwarders 72lcshaDissertations, Academicy20191 aH. L., YogamalacDr.eGuide aKO